Guess the Lyrics #68 - Statistics

General Stats
  • This quiz has been taken 1,333 times
    837 since last reset
  • The average score is 164 of 428
Answer Stats
Lyrics % Correct
I
99%
a
96%
you
94%
you?
94%
the
90%
The
90%
an
83%
love
83%
me
81%
to
77%
To
77%
it
76%
your
75%
and
74%
"Is
73%
is
73%
in
72%
for
64%
that
62%
so,
61%
then
61%
I'm
58%
of
58%
If
52%
if
52%
like
50%
One
49%
us
44%
was
44%
could
42%
or
42%
from
39%
(I'll
39%
up,
39%
oh-oh-oh...
38%
say
38%
just
37%
way
37%
some
34%
make
33%
(Make
33%
Give
32%
had
32%
live
31%
Live
31%
now
31%
Now...
31%
thing
30%
here
28%
IV,
28%
out)
28%
only
26%
baby,
25%
I've
25%
real
23%
right
23%
put
20%
Put
20%
away
19%
wrong?"
18%
hands
17%
stand
14%
waiting
12%
touch,
11%
touch
11%
Being
10%
read
9%
turn
9%
second
8%
applause,
7%
applause
7%
A-P-P-L-A-U-S-E
7%
lights
7%
saying,
7%
Applause - Lady Gaga
6%
'em
6%
found
6%
guess
6%
Woo...
6%
woo
6%
Woo
6%
scream
5%
bang
4%
bear
4%
cheer
4%
gong
4%
loud)
4%
plause,
4%
art,
3%
crash
3%
critic
3%
fame
3%
Pop
3%
pop
3%
art’s
2%
culture
2%
culture,
2%
geeks"
2%
Koons,
2%
Koons
2%
"Nostalgia's
2%
overheard
2%
sir,
2%
suddenly
2%
theory,
2%
vein,
2%
A-R-T-P-O-P
1%
No matching quizzes found
Score Distribution
Percent of People with Each Score
Percentile by Number Answered
Your Score History
You have not taken this quiz since the last reset